|
|
|
|
| LEADER |
00674cam a2200217 7i4500 |
| 001 |
0000017693 |
| 005 |
20151104090000.0 |
| 005 |
##20151104121100.0 |
| 003 |
##MY-KlINT |
| 020 |
# |
# |
|a 0074707493
|
| 039 |
# |
9 |
|y 201511041211
|z VLOAD
|
| 090 |
0 |
0 |
|a 658.312404
|b KRO
|
| 100 |
1 |
# |
|a Kroehnert, Gary
|
| 245 |
1 |
0 |
|a 101 more training games /
|c by Gary Kroehnert.
|
| 260 |
# |
# |
|a Sydney:
|b McGraw-Hill,
|c 1999.
|
| 300 |
# |
# |
|a 206p.:
|b ill.;
|c 28cm.
|
| 650 |
# |
0 |
|a Management games --
|x study and teaching --
|z Australia
|
| 650 |
# |
0 |
|a Management games --
|x study and teaching
|
| 650 |
# |
0 |
|a Active learning
|
| 650 |
# |
0 |
|a Employees --
|x Training of
|
| 745 |
1 |
# |
|a One hundred and one more training games
|